C programming: Including numerical and statistical methods (Record no. 6335)

MARC details
000 -LEADER
fixed length control field 00476nam a2200169Ia 4500
008 - FIXED-LENGTH DATA ELEMENTS--GENERAL INFORMATION
fixed length control field 230917s9999||||xx |||||||||||||| ||und||
020 ## - ISBN
Price RS 610.00
040 ## - CATALOGING SOURCE
-- 5002065
Original cataloging agency VIVEKANANDA LIBRARY
041 ## - Language
-- English
082 ## - DDC NUMBER
Classification number 005.133 P171C
100 ## - MAIN ENTRY--PERSONAL NAME
Personal name Pal, Madhumangal
245 #0 - TITLE STATEMENT
Title C programming: Including numerical and statistical methods
260 ## - PUBLICATION, DISTRIBUTION, ETC. (IMPRINT)
Place of publication, distribution, etc New Delhi
Name of publisher, distributor, etc Narosa
Date of publication, distribution, etc 2019
300 ## - PHYSICAL DESCRIPTION
Pages xx, 609 p.
500 ## - GENERAL NOTE
General note 4635 03/12/2022 HBD23/9690 19/01/2023 Main Budget
942 ## - ADDED ENTRY ELEMENTS (KOHA)
Koha item type Books
Holdings
Withdrawn status Lost status Damaged status Not for loan Location (home branch) Sublocation or collection (holding branch) Date acquired Koha issues (times borrowed) Koha full call number Accession No. Koha date last seen Koha item type
        VIVEKANANDA LIBRARY VIVEKANANDA LIBRARY 03/03/2023 2 005.133 P171C 403042 22/12/2023 Books
© Designed and Maintained by Vivekananda Library, MDU Rohtak